[Event "Voronezh op-B 20th"]
[Site "Voronezh"]
[Date "2016.06.18"]
[Round "6"]
[White "Kolyuzhnov, Vladislav"]
[Black "Petrov, Timur"]
[Result "1-0"]
[WhiteElo "1983"]
[BlackElo "1357"]
[PlyCount "63"]
[EventDate "2016.06.12"]
[EventType "swiss"]
[EventRounds "9"]
[EventCountry "RUS"]
[SourceTitle "EXT 2017"]
[Source "ChessBase"]
[SourceDate "2016.10.25"]
[SourceVersion "1"]
[SourceVersionDate "2016.10.25"]
[SourceQuality "1"]

1. d4 Nf6 2. c4 g6 3. Nc3 Bg7 4. e4 d6 5. Nf3 0-0 6. Be2 Nbd7 7. 0-0 e5 8. d5 Nc5 9. Qc2 a5 10. Ne1 h6 11. f3 Nfd7 12. Be3 f5 13. Nd3 Nxd3 14. Qxd3 f4 15. Bf2 Nf6 16. c5 Qd7 17. Rac1 dxc5 18. Bxc5 Rd8 19. Qc4 Qf7 20. Nb5 Ne8 21. Ba3 c6 22. dxc6 Be6 23. cxb7 Rab8 24. Qc6 Rxb7 25. Rfd1 Rxd1+ 26. Rxd1 Bxa2 27. Rd8 Kh7 28. Rxe8 Qb3 29. Rd8 Qe3+ 30. Kf1 Rb6 31. Qc7 Be6 32. Bf8 1-0

[Event "Voronezh op-B 19th"]
[Site "Voronezh"]
[Date "2015.06.19"]
[Round "7"]
[White "Salaev, Ruslan"]
[Black "Kolyuzhnov, Vladislav"]
[Result "1-0"]
[WhiteElo "1943"]
[BlackElo "1809"]
[PlyCount "50"]
[EventDate "2015.06.12"]
[EventType "swiss"]
[EventRounds "9"]
[EventCountry "RUS"]
[SourceTitle "CBM 167 Extra"]
[Source "ChessBase"]
[SourceDate "2015.09.14"]
[SourceVersion "1"]
[SourceVersionDate "2015.09.14"]
[SourceQuality "1"]

1. e4 e5 2. Nf3 Nc6 3. Bc4 Nf6 4. d4 exd4 5. e5 d5 6. Bb5 Ne4 7. Nxd4 Bc5 8. 0-0 Bd7 9. Bxc6 bxc6 10. Be3 0-0 11. f3 Ng5 12. f4 Ne6 13. f5 Nxd4 14. Bxd4 Bxd4+ 15. Qxd4 Qg5 16. h4 Qh5 17. Qf4 g6 18. f6 Rfe8 19. Re1 Bg4 20. Qg3 Re6 21. Nd2 Rae8 22. Re3 Bd1 23. Kh2 Bxc2 24. Rc3 Bd1 25. Rac1 Rxe5 1-0

[Event "Voronezh op-B 19th"]
[Site "Voronezh"]
[Date "2015.06.15"]
[Round "4"]
[White "Kolyuzhnov, Vladislav"]
[Black "Lysokonev, Valery"]
[Result "1-0"]
[WhiteElo "1809"]
[BlackElo "2149"]
[PlyCount "69"]
[EventDate "2015.06.12"]
[EventType "swiss"]
[EventRounds "9"]
[EventCountry "RUS"]
[SourceTitle "CBM 167 Extra"]
[Source "ChessBase"]
[SourceDate "2015.09.14"]
[SourceVersion "1"]
[SourceVersionDate "2015.09.14"]
[SourceQuality "1"]

1. d4 d5 2. c4 c6 3. Nf3 Nf6 4. e3 e6 5. Nc3 Nbd7 6. Bd3 dxc4 7. Bxc4 b5 8. Bd3 a6 9. e4 b4 10. Ne2 Bb7 11. e5 Nd5 12. Nf4 c5 13. Nxd5 Bxd5 14. dxc5 Nxc5 15. Bc2 Qc7 16. 0-0 Be7 17. Bf4 Qb7 18. b3 h6 19. h3 g5 20. Be3 Rg8 21. Ne1 Be4 22. Bxe4 Nxe4 23. Qh5 Rg6 24. Nd3 Rd8 25. Rfd1 Qb5 26. Nb2 Rxd1+ 27. Rxd1 Qxe5 28. Nc4 Qc7 29. Qf3 f5 30. Qh5 Kf7 31. Rd7 Qb8 32. Rxe7+ Kxe7 33. Qxg6 Qb5 34. Qxh6 Qd5 35. Bxg5+ 1-0

[Event "Voronezh op-B 19th"]
[Site "Voronezh"]
[Date "2015.06.14"]
[Round "3"]
[White "Kholodov, Vladimir"]
[Black "Kolyuzhnov, Vladislav"]
[Result "1/2-1/2"]
[WhiteElo "2034"]
[BlackElo "1809"]
[PlyCount "112"]
[EventDate "2015.06.12"]
[EventType "swiss"]
[EventRounds "9"]
[EventCountry "RUS"]
[SourceTitle "CBM 167 Extra"]
[Source "ChessBase"]
[SourceDate "2015.09.14"]
[SourceVersion "1"]
[SourceVersionDate "2015.09.14"]
[SourceQuality "1"]

1. e4 e5 2. Nf3 Nc6 3. Bc4 Bc5 4. c3 Nf6 5. 0-0 Nxe4 6. Bd5 Nf6 7. Bxc6 dxc6 8. Nxe5 Bd6 9. Re1 0-0 10. d4 Re8 11. f4 c5 12. Nd2 cxd4 13. cxd4 Bxe5 14. dxe5 Qd4+ 15. Kh1 Ng4 16. Qf3 Nf2+ 17. Kg1 Nd3+ 18. Qe3 Qxe3+ 19. Rxe3 Nxf4 20. Nf3 Ng6 21. b3 Bg4 22. Bb2 Bxf3 23. gxf3 Rad8 24. Bc3 f6 25. Rae1 fxe5 26. Bxe5 Nxe5 27. Rxe5 Rxe5 28. Rxe5 Rd1+ 29. Kf2 Rd2+ 30. Kg3 Rxa2 31. Re8+ Kf7 32. Rb8 Ke6 33. Rxb7 Kd6 34. h4 Rb2 35. Kf4 a5 36. Ra7 Rxb3 37. Rxa5 Rb4+ 38. Kg5 Rb7 39. f4 c5 40. h5 c4 41. h6 g6 42. f5 gxf5 43. Kxf5 Rc7 44. Ke4 c3 45. Ra1 Kc5 46. Kd3 Rc6 47. Rh1 Kd5 48. Kc2 Ke5 49. Rh3 Kf4 50. Rxc3 Rxh6 51. Kd2 Re6 52. Rc4+ Kf3 53. Rh4 h6 54. Rh1 Kg3 55. Kd3 Kf3 56. Kd4 Kg4 1/2-1/2